Gray Anatomía. (Registro nro. 37)
[ vista simple ]
| 000 -LEADER | |
|---|---|
| fixed length control field | 01024 am a2200277 a 4500 |
| 005 - FECHA ULTIMA MODIFICACION | |
| control field | 20240627110123.0 |
| 008 - CAMPO DE CONTROL (LIBRO) | |
| fixed length control field | 100305s1996||||sp a f |||| 001 0 spa d |
| 020 ## - INTERNATIONAL STANDARD BOOK NUMBER | |
| ISBN | 8420522996 |
| 041 ## - CODIGO DE IDIOMA | |
| Código de idioma del texto/pista de sonido o título separado | spa |
| Código de idioma de la versión original y/o traducciones intermedias del texto | eng |
| 092 ## - SIGNATURA TOPOGRAFICA DEWEY LOCAL | |
| número de clasificación | 611 |
| libristica | 95 |
| sección | WIL |
| 100 1# - ENTRADA PRINCIPAL--NOMBRE PERSONAL | |
| Nombre personal | Williams, Peter L. |
| 9 (RLIN) | 153 |
| 245 ## - TITULO PROPIAMENTE DICHO | |
| Título | Gray Anatomía. |
| Subtítulo y Título paralelo | T.1 / |
| Mención de responsabilidad y remanente de la transcripción de la portada | Peter L. William |
| 250 ## - MENCION DE EDICION | |
| Mención de edición | 36a ed. versión española de la obra original en inglés |
| Mención de responsabilidad relacionada con la ed. | Traducción Celestino Barastegui Almagro ; Ginés Domenech Ratto ; Manuel Nombela Gómez ; Alfonso Puchades Ort ; Juan Antonio Durán Otero ; Miguel Angel Renart Pita y Margarita Varela Morales |
| 260 ## - PIE DE IMPRENTA | |
| Lugar de publicación, distribución, etc | Madrid: |
| Nombre de la editorial, distribuidor, etc | Churchill Livingstone; |
| Fecha de publicación | 1996. |
| 300 ## - DESCRIPCION FISICA | |
| Extension | 1-881 p. |
| 500 ## - NOTA GENERAL | |
| Nota general | Williams, P. L. y Warwick, R. (1996). Gray anatomía. T.1 (36a ed.). Madrid : Churchill Livingstone. |
| 653 ## - TÉRMINO INDIZADO - PALABRAS CLAVES | |
| Palabra clave | Citología |
| 653 ## - TÉRMINO INDIZADO - PALABRAS CLAVES | |
| Palabra clave | Embriología |
| 653 ## - TÉRMINO INDIZADO - PALABRAS CLAVES | |
| Palabra clave | Osteología |
| 653 ## - TÉRMINO INDIZADO - PALABRAS CLAVES | |
| Palabra clave | Artrología |
| 653 ## - TÉRMINO INDIZADO - PALABRAS CLAVES | |
| Palabra clave | Miología |
| 653 ## - TÉRMINO INDIZADO - PALABRAS CLAVES | |
| Palabra clave | Angiología |
| 700 1# - ENTRADAS SECUNDARIAS - NOMBRE PERSONAL | |
| Nombre personal | Warwick, Roger. |
| 9 (RLIN) | 154 |
| 930 ## - NUMERO DE INVENTARIO | |
| Número de inventario | 212 |
| 942 ## - ADDED ENTRY ELEMENTS (KOHA) | |
| Source of classification or shelving scheme | Dewey Decimal Classification |
| Item type | Libros |
| Estado de retiro | Existencia | Fuente de clasificación | Estado general | No para prestamo | Colección | Ubicación permanente | ubicación actual | Sala de ubicación | Fecha de adquisición | Total Checkouts | Total Renewals | Número de clasificación | Código de barras | Date last seen | Date last borrowed | Número de ejemplar | Price effective from | Koha tipo de elemento (item) | Public note | Coded location qualifier | Checked out | Fuente de adquisición |
|---|---|---|---|---|---|---|---|---|---|---|---|---|---|---|---|---|---|---|---|---|---|---|
| Dewey Decimal Classification | Reference | Biblioteca Medicina | Biblioteca Medicina | Referencia | 13/05/2011 | 12 | 2 | 611 95 WIL | 212 | 19/05/2022 | 11/05/2022 | ej.1 | 08/07/2011 | Reference | LIBRO DE CONSULTA Hemeroteca 2022 | |||||||
| Dewey Decimal Classification | Biblioteca Medicina | Biblioteca Medicina | Referencia | 07/09/2011 | 1 | 12 | 611 94 WIL | 219 | 06/11/2014 | 22/09/2011 | ej.2 | 07/09/2011 | Libros | LIBRO DE CATEDRA | 01/03/2029 | |||||||
| Dewey Decimal Classification | Biblioteca Medicina | Biblioteca Medicina | Circulación | 26/08/2024 | 611 94 WIL | 4903 | 26/08/2024 | Ej.3 | Libros | Donación Horario Verde, Agosto 2024 | Donación Horario Verde, Agosto 2024 |